000 00841 a2200229 4500
003 Nust
005 20230330110532.0
010 _a 2002153470
020 _a1556229518
040 _cNust
082 0 0 _a794.815,BET
100 1 _aBethke, Erik.
_969321
245 1 0 _aGame development and production /
_cErik Bethke.
260 _aPlano, Tex. :
_bWordware Pub.,
_cc2003.
300 _axxi, 412 p. :
_bill. ;
_c23 cm. +
_e1 CD-ROM (4 3/4 in.)
440 0 _aWordware game developer's library
_999528
505 _aPart.1 Introduction to Game Development (Page-3), Part.2 How to Make a Game (Page-39), Part.3 Game Development (Page-205), Part.4 Game Development Resource Guide (Page-313).
650 0 _aComputer games
_xDesign.
_9108098
650 0 _aComputer games
_xProgramming.
_982248
650 0 _aProject management.
942 _2ddc
_cBK
999 _c185246
_d185246